| 000 | 00617nam a2200181 a 4500 | ||
|---|---|---|---|
| 003 | 0 | ||
| 005 | 20250226085247.0 | ||
| 008 | 101013s19uu xx 00 eng d | ||
| 050 |
_aPHS DT 450.435 _b.An1 2010 |
||
| 100 | _aAñasco, Daniele A. | ||
| 245 |
_aFrom ethnic war to genocide : _bthe Rwandan experience / _cDaniele A. Añasco. |
||
| 260 |
_aLas Piñas City, Philippines : _bSouthville International School and Colleges, _c2010. |
||
| 300 |
_a33 pages ; _c30 cm. |
||
| 650 |
_aGenocide _zRwanda _xHistory. |
||
| 650 |
_aRwanda _xHistory _vGenocide, 1994. |
||
| 650 |
_aEthnic conflict _zRwanda. |
||
| 942 |
_2lcc _cPASS |
||
| 999 |
_c98439 _d98439 |
||